Normal view
MARC view
- Little magazines
Entry Topical Term
001 - CONTROL NUMBER
- control field: 120320
003 - CONTROL NUMBER IDENTIFIER
- control field: NUST
005 - DATE AND TIME OF LATEST TRANSACTION
- control field: 20240213112202.0
008 - FIXED-LENGTH DATA ELEMENTS
- fixed length control field: 240213|| aca||aabn | a|a d
040 ## - CATALOGING SOURCE
- Original cataloging agency: NUST
- Transcribing agency: NUST
150 ## - HEADING--TOPICAL TERM
- Topical term or geographic name entry element: Little magazines
670 ## - SOURCE DATA FOUND
- Source citation: Work cat.: (NUST): Abbott,Edwin A., Flatland:, 2015.
